000 00728nam a2200229Ia 4500
003 OSt
005 20260127115126.0
008 220926b |||||||| |||| 00| 0 eng d
020 _a9781345110550
037 _cReference Collections
040 _aRTL
_cRTL
_beng
041 _2eng
_aeng
084 _aY:435v, P8
_qRTL
100 _awhyte Ian
_9371393
245 0 _aWorld without end ?: environmental disaster and the collapse of empires
260 _aLondon
_bI. B. Tauris
_c2008
300 _aviii, 239 p.
_bIncludes bibliographical references and index.
500 _aBibliography: P.217-28
650 _aSociology
_91112060
942 _hY:435v, P8
_cGB
_2CC
_n0
999 _c691589
_d691589